书目信息 |
| 题名: |
城市规划实用指南
|
|
| 作者: | 曹型荣 编著 | |
| 分册: | ||
| 出版信息: | 北京 机械工业出版社 2009.01 |
|
| 页数: | 403页 | |
| 开本: | 20cm | |
| 丛书名: | ||
| 单 册: | ||
| 中图分类: | TU984 | |
| 科图分类: | ||
| 主题词: | 城市规划 | |
| 电子资源: | ||
| ISBN: | 978-7-111-25297-9 | |
| 000 | 00593nam0 2200217 45 | |
| 001 | 0937717688 | |
| 005 | 20091017103016.26 | |
| 010 | @a978-7-111-25297-9@dCNY68.00 | |
| 100 | @a20090515d2009 ekmy0 y0120 ea | |
| 102 | @aCN@b130000 | |
| 102 | @aCN@b110000 | |
| 105 | @ay z 000yy | |
| 200 | 1 | @a城市规划实用指南@f曹型荣等编著@Fcao xing rong deng bian zhu |
| 210 | @a北京@c机械工业出版社@d2009.01 | |
| 215 | @a403页@d20cm | |
| 606 | 0 | @a城市规划 |
| 690 | @aTU984@v4 | |
| 701 | 0 | @a曹型荣@Acao xing rong@4编著 |
| 801 | 0 | @aCN@c20091017 |
| 905 | @a10447@dTU984@eC157 | |
| 906 | @d68@n3@r1 | |
| 城市规划实用指南/曹型荣等编著.-北京:机械工业出版社,2009.01 |
| 403页;20cm |
| ISBN 978-7-111-25297-9:CNY68.00 |
| ● |
| 相关链接 |
|
|
|
正题名:城市规划实用指南
索取号:TU984/C157
 
预约/预借
| 序号 | 登录号 | 条形码 | 馆藏地/架位号 | 状态 | 备注 |
| 1 | 659774 | 206597743 | 建筑库201/201建筑库 89排2列4层/ [索取号:TU984/C157] | 在馆 | |
| 2 | 659775 | 206597752 | 建筑库201/201建筑库 89排2列4层/ [索取号:TU984/C157] | 在馆 | |
| 3 | 659776 | 206597761 | 建筑库201/201建筑库 89排2列4层/ [索取号:TU984/C157] | 在馆 |